| 000 | 00598nam a2200205 a 4500 | ||
|---|---|---|---|
| 005 | 20160108105251.0 | ||
| 008 | 140114b1993 ck ||||| |||| 00| 0 spa d | ||
| 040 |
_aCO-BoIAVH _cCO-BoIAVH |
||
| 041 | _aspa | ||
| 082 |
_a582.16 _bB61a |
||
| 111 |
_aCurso de Dendrología _cTanguí, Choco _d1993 _948753 |
||
| 245 |
_aAlgunos árboles y otras plantas de Tanguí _bmemorias |
||
| 260 |
_aBogotá _bProyecto Biopacífico _c1993 |
||
| 300 | _a62 paginas | ||
| 650 | 6 |
_aDendrología _93762 |
|
| 650 | 6 |
_aArboles _948754 |
|
| 650 | 6 |
_aGuía de campo _948755 |
|
| 662 |
_aColombia _bChocó |
||
| 942 |
_cLIBRO _2ddc |
||
| 999 |
_c88 _d88 |
||